LEADER 01190nas 2200397 c 450 001 9910892124303321 005 20260218110448.0 035 $a(DE-599)ZDB3032427-0 035 $a(OCoLC)1368547375 035 $a(DE-101)1214653146 035 $a(CKB)5450000000019855 035 $a(DE-599)3032427-0 035 $a(EXLCZ)995450000000019855 100 $a20200728a20199999 |y | 101 0 $amay 135 $aur||||||||||| 181 $ctxt$2rdacontent 182 $cc$2rdamedia 183 $acr$2rdacarrier 200 00$aStatistik ekonomi tahunan$e= Annual economic statistics$h[...]$iPerkhidmatan kewangan = Financial services$fJabatan Perangkaan Malaysia 210 31$aPutrajaya, Malaysia$cJabatan Perangkaan Malaysia$dApril 2019- 215 $aOnline-Ressource 300 $aGesehen am 28.07.2020 311 08$a2672-7021 517 1 $aAnnual economic statistics 608 $aZeitschrift$2gnd-content 676 $a310 676 $a330 712 02$aMalaysia$bJabatan Perangkaan$4isb 801 0$b0206 801 1$bDE-101 801 2$b9999 906 $aJOURNAL 912 $a9910892124303321 996 $aStatistik ekonomi tahunan$94244562 997 $aUNINA